Retail Management (Record no. 5943)

MARC details
000 -LEADER
fixed length control field 00320nam a2200133Ia 4500
008 - FIXED-LENGTH DATA ELEMENTS--GENERAL INFORMATION
fixed length control field 191201s2012 xx 000 0 und d
082 ## - DEWEY DECIMAL CLASSIFICATION NUMBER
Classification number 658.87
Item number SHR
100 ## - MAIN ENTRY--PERSONAL NAME
Personal name SHEIKH, Arif
245 #0 - TITLE STATEMENT
Title Retail Management
260 ## - PUBLICATION, DISTRIBUTION, ETC. (IMPRINT)
Place of publication, distribution, etc N. Delhi
Name of publisher, distributor, etc Himalaya Publication House
Date of publication, distribution, etc 2012
300 ## - PHYSICAL DESCRIPTION
Extent 484
650 ## - SUBJECT ADDED ENTRY--TOPICAL TERM
Topical term or geographic name as entry element BBA
942 ## - ADDED ENTRY ELEMENTS (KOHA)
Source of classification or shelving scheme Dewey Decimal Classification
Koha item type Text Books
Holdings
Withdrawn status Lost status Source of classification or shelving scheme Damaged status Not for loan Collection code Home library Current library Date acquired Source of acquisition Cost, normal purchase price Bill Number Total Checkouts Full call number Acc. no. / Barcode Date last seen Actual Cost, discounted price Bill Date Koha item type Public note
    Dewey Decimal Classification     BBA PIET C-LIBRARY PIET C-LIBRARY 26/07/2014 Orange Books International 440.00 4542   658.87 SHR 24470 04/12/2019 330.00 23/07/2014 Text Books  
    Dewey Decimal Classification     BBA PIET C-LIBRARY PIET C-LIBRARY 26/07/2014 Orange Books International 440.00 4542   658.87 SHR 24471 04/12/2019 330.00 23/07/2014 Text Books  
    Dewey Decimal Classification     BBA PIET C-LIBRARY PIET C-LIBRARY 26/07/2014 Orange Books International 440.00 4542   658.87 SHR 24472 04/12/2019 330.00 23/07/2014 Text Books  
    Dewey Decimal Classification     GENERAL PIET C-LIBRARY PIET C-LIBRARY 26/07/2014 Orange Books International 440.00 4542   658.87 SHR 24473 04/12/2019 330.00 23/07/2014 Text Books Handbook
    Dewey Decimal Classification     GENERAL PIET C-LIBRARY PIET C-LIBRARY 26/07/2014 Orange Books International 440.00 4542   658.87 SHR 24474 04/12/2019 330.00 23/07/2014 Text Books Handbook

Design & Developed by: PIET Central Library
R70 Miles Stone Pattikalyana Samalkha Panipat 132102
mail ID :- [email protected], Phone No:- 0180-2569700 Ex.216